000
00288nam a22001337a 4500
008
180301b xxu||||| |||| 00| 0 eng d
020
_a
9780226316017
041
_a
eng
080
_a
32
100
_a
20
101
_a
POL
245
_a
Reflections baroque
_c
Harbison,R
942
_2
udc
_c
BK
999
_c
43829
_d
43829